Comic Strips by Picture - Statistics

General Stats
  • This quiz has been taken 31 times
  • The average score is 9 of 16
Answer Stats
Picture Answer % Correct
Garfield
97%
Peanuts
97%
Calvin and Hobbes
77%
Dennis the Menace
68%
Dilbert
68%
The Far Side
68%
Hagar the Horrible
61%
Blondie
58%
B.C.
52%
Beetle Bailey
48%
Cathy
48%
Dick Tracy
48%
The Family Circus
42%
Pearls Before Swine
35%
Doonesbury
29%
Wizard of Id
26%
No matching quizzes found
Score Distribution
Percent of People with Each Score
Percentile by Number Answered
Your Score History
You have not taken this quiz